Riches and renunciation : (Record no. 1680116)

MARC details
000 -LEADER
fixed length control field 00685nam a22002057a 4500
003 - CONTROL NUMBER IDENTIFIER
control field OSt
005 - DATE AND TIME OF LATEST TRANSACTION
control field 20260223122057.0
008 - FIXED-LENGTH DATA ELEMENTS--GENERAL INFORMATION
fixed length control field 260223b |||||||| |||| 00| 0 eng d
020 ## - INTERNATIONAL STANDARD BOOK NUMBER
International Standard Book Number 9780198280316
040 ## - CATALOGING SOURCE
Transcribing agency HDL
Language of cataloging eng
082 00 - DEWEY DECIMAL CLASSIFICATION NUMBER
Classification number 294.409544 N5
100 1# - MAIN ENTRY--PERSONAL NAME
Personal name Laidlaw, James.
9 (RLIN) 1116522
245 10 - TITLE STATEMENT
Title Riches and renunciation :
Remainder of title religion, economy, and society among the Jains /
Statement of responsibility, etc. James Laidlaw.
260 ## - PUBLICATION, DISTRIBUTION, ETC.
Place of publication, distribution, etc. Oxford :
Name of publisher, distributor, etc. Clarendon Press ;
Place of publication, distribution, etc. New York :
Name of publisher, distributor, etc. Oxford University Press,
Date of publication, distribution, etc. 1995.
300 ## - PHYSICAL DESCRIPTION
Extent vi, 436 p. :
Other physical details ill., map ;
Dimensions 22 cm.
440 #0 - SERIES STATEMENT/ADDED ENTRY--TITLE
Title Oxford studies in social and cultural anthropology
9 (RLIN) 1116523
651 ## - SUBJECT ADDED ENTRY--GEOGRAPHIC NAME
Geographic name India
9 (RLIN) 1116524
942 ## - ADDED ENTRY ELEMENTS (KOHA)
Koha item type Textual
Holdings
Withdrawn status Lost status Source of classification or shelving scheme Damaged status Not for loan Home library Current library Date acquired Total Checkouts Date last seen Price effective from Koha item type
    Colon Classification (CC)     Department of History Library Department of History Library 2026-02-23   2026-02-23 2026-02-23 Textual
Copyright @ Delhi University Library System